| 000 | 00921nam0a22002771 4500 | ||
|---|---|---|---|
| 001 | rc\3303025 | ||
| 005 | 20250609210008.0 | ||
| 021 |
_aRU _b[74-72417] |
||
| 035 | _a(NLR Aleph) 007501233 | ||
| 090 |
_a7666464 _c7666464 |
||
| 100 | _a20130115d1974 |||y0rusy50 ca | ||
| 101 | 0 | _arus | |
| 102 | _aRU | ||
| 105 | _aa z ||||| | ||
| 200 | 1 |
_aЗвездный дневник _e(Из блокнота кор. "Правды") |
|
| 210 |
_aМосква _cЗнание _d1974 |
||
| 215 |
_a158 с. _cил. _d16 |
||
| 225 | 1 | _aПрочти, товарищ! | |
| 606 |
_aКосмонавтика в СССР _2psbo |
||
| 700 | 1 |
_4070 _7ca _8rus _aДенисов _bН. Н. _cжурналист, полковник _f1909-1983 _gНиколай Николаевич _9269584 _3RU\NLR\AUTH\770269640 |
|
| 801 | 0 |
_aRU _bNLR _gpsbo |
|
| 801 | 1 |
_aRU _bELAR _2rusmarc |
|
| 852 |
_aNLR _j74-2/1771 |
||
| 942 | _cBOOK | ||
| 980 | _aNB | ||